Library Banner

Hikmat amli kaa tasalsal (Urdu) (Record no. 42032)

MARC details
000 -LEADER
fixed length control field 00475nam a2200181Ia 4500
001 - CONTROL NUMBER
control field 44032
008 - FIXED-LENGTH DATA ELEMENTS--GENERAL INFORMATION
fixed length control field 140428s9999 xx 000 0 und d
020 ## - INTERNATIONAL STANDARD BOOK NUMBER
International Standard Book Number
040 ## - CATALOGING SOURCE
Transcribing agency PK-LaUMT
082 ## - DEWEY DECIMAL CLASSIFICATION NUMBER
Classification number RHC 891.4395
Item number HUS-H
100 ## - MAIN ENTRY--PERSONAL NAME
Personal name Hussain Ahmad, Qazi
245 ## - TITLE STATEMENT
Title Hikmat amli kaa tasalsal (Urdu)
Statement of responsibility, etc Hussain Ahmad, Qazi
260 ## - PUBLICATION, DISTRIBUTION, ETC. (IMPRINT)
Place of publication, distribution, etc Lahore,Pakistan:
Name of publisher, distributor, etc Idara-e-Muarf-e-Ilsmi,
Date of publication, distribution, etc 2007
300 ## - PHYSICAL DESCRIPTION
Extent 292 p.
546 ## - LANGUAGE NOTE
Language note UR
650 ## - SUBJECT ADDED ENTRY--TOPICAL TERM
Topical term or geographic name as entry element Pakistani literature-Urdu
942 ## - ADDED ENTRY ELEMENTS (KOHA)
Koha item type Books
Holdings
Withdrawn status Lost status Damaged status Not for loan Home library Current library Date acquired Total Checkouts Full call number Barcode Date last seen Price effective from Koha item type
        UMT Main Campus UMT Main Campus 2014-04-28   RHC 891.4395 HUS-H 47714 2014-05-06 2014-05-06 Books